| 000 | 01529cam a22003494a 4500 | ||
|---|---|---|---|
| 001 | 12456478 | ||
| 005 | 20050118212616.0 | ||
| 008 | 010629s2001 enk b 001 0 eng | ||
| 010 | _a 2001045299 | ||
| 020 | _a185649876X (cased) | ||
| 020 | _a1856498778 (limp) | ||
| 040 |
_aDLC _cDLC _dDLC |
||
| 042 | _apcc | ||
| 050 | 0 | 0 |
_aHQ1236 _b.W6423 2001 |
| 082 | 0 | 0 |
_a305.42 _221 _bWOM |
| 245 | 0 | 0 |
_aWomen resist globalization : _bMobilizing for livelihood and rights / _cEdited by Sheila Rowbotham and Stephanie Linkogle. |
| 260 |
_aLondon ; _aNew York : _bZed Books, _cc2001. |
||
| 300 |
_aix, 206 p. ; _c23 cm. |
||
| 504 | _aIncludes bibliographical references and index. | ||
| 650 | 0 | _aWomen's rights. | |
| 650 | 0 | _aWomen political activists. | |
| 650 | 0 | _aWomen social reformers. | |
| 650 | 0 | _aGlobalization. | |
| 700 | 1 | _aRowbotham, Sheila. | |
| 700 | 1 | _aLinkogle, Stephanie. | |
| 856 | 4 | 2 |
_3Contributor biographical information _uhttp://www.loc.gov/catdir/bios/hol058/2001045299.html |
| 856 | 4 | 2 |
_3Publisher description _uhttp://www.loc.gov/catdir/description/hol052/2001045299.html |
| 856 | 4 | 1 |
_3Table of contents _uhttp://www.loc.gov/catdir/toc/hol051/2001045299.html |
| 942 |
_2ddc _cBB |
||
| 999 |
_c10865 _d10865 |
||